|
|
|
|
| LEADER |
01427nam a2200385 a 4500 |
| 001 |
000547229 |
| 003 |
CZ BrMZK |
| 005 |
20080829110646.0 |
| 007 |
ta |
| 008 |
000115s2000 xr e p cze d |
| 020 |
|
|
|a 80-7078-815-1
|
| 040 |
|
|
|a BOA001
|b cze
|
| 072 |
|
7 |
|a 53
|x Fyzika
|2 Konspekt
|9 6
|
| 072 |
|
7 |
|a 37.016
|x Učební osnovy. Vyučovací předměty. Učebnice
|2 Konspekt
|9 22
|
| 080 |
|
|
|a 53
|2 MRF
|
| 080 |
|
|
|a 539.17
|2 MRF
|
| 080 |
|
|
|a 537.531
|2 MRF
|
| 080 |
|
|
|a 539.14
|2 MRF
|
| 080 |
|
|
|a (075.8)
|2 MRF
|
| 100 |
1 |
|
|a Kopečný, Jan,
|d 1942-
|7 jn20001005740
|
| 245 |
1 |
0 |
|a Fyzika.
|n II b,
|p Elektromagnetické záření a Atomové jádro /
|c Jan Kopečný
|
| 246 |
3 |
3 |
|a Elektromagnetické záření a Atomové jádro
|
| 246 |
3 |
|
|a Atomové jádro
|
| 250 |
|
|
|a 1. vyd.
|
| 260 |
|
|
|a Ostrava :
|b Vysoká škola báňská - Technická univerzita,
|c 2000
|
| 300 |
|
|
|a 167 s. :
|b il. ;
|c 30 cm
|
| 650 |
0 |
7 |
|a fyzika
|7 ph114601
|2 czenas
|
| 650 |
0 |
7 |
|a jaderné reakce
|7 ph135384
|2 czenas
|
| 650 |
0 |
7 |
|a elektromagnetické záření
|7 ph135373
|2 czenas
|
| 650 |
0 |
7 |
|a atomové jádro
|7 ph170603
|2 czenas
|
| 655 |
|
7 |
|a učebnice vysokých škol
|7 fd133772
|2 czenas
|
| 710 |
2 |
|
|a Vysoká škola báňská - Technická univerzita Ostrava.
|b Strojní fakulta
|7 kn20010709395
|
| 910 |
|
|
|a BOA001
|b 4-1074.901,2b
|
| 990 |
|
|
|a BK
|
| 996 |
6 |
|
|b 2610128225
|c 4-1074.901,2b
|l MZK
|r Sklad / do 1 hodiny
|n 0
|p p.v.
|w 000547229
|u 000010
|a 1
|e BOA001
|j MZK50
|s P
|